| 000 | 01264nam a2200241Ia 4500 | ||
|---|---|---|---|
| 999 |
_c55280 _d55280 |
||
| 001 | 22356 | ||
| 003 | GE_BSU | ||
| 005 | 20221221160907.0 | ||
| 008 | 181216s2018||||ge |||||||||||||| ||geo|| | ||
| 040 | _cGE_BSU | ||
| 041 | _ageo | ||
| 080 | _a37 ქ-66 | ||
| 100 |
_aქორიძე, ლილი _910724 |
||
| 245 |
_aსკოლის დემოკრატიული მმართველობის სფეროები და პრინციპები / _cლილი ქორიძე; მეცნ. ხელმძღვ. გ. შერვაშიძე; ბსუ განათლების ფაკ-ტი. პედაგოგიურ მეცნიერებათა დეპ-ტი. |
||
| 264 |
_aბათუმი, _c2018. |
||
| 300 |
_a230 გვ.; _b 30 სმ. |
||
| 504 | _aბიბლიოგრ. გვ.219-229 | ||
| 653 | _aპედაგოგიკა | ||
| 653 | _aსკოლის დემოკრატიული მმართველობის სფეროები და პრინციპები | ||
| 653 | _aდისერტაცია | ||
| 700 |
_aშერვაშიძე, გ. _eმეცნ. ხელმძღვანელი _910721 |
||
| 942 |
_cDS _2udc |
||